000 nam a22 a 4500
999 _c1684
_d1684
003 AKMAL
005 20170511123711.0
008 170511s1992 my 00 eng d
020 _a9679784258 (pbk.):
_cRM 99.00
040 _aAKMAL
082 _a330.959500112 MAL
090 0 0 _a330.959500112
_bMAL
245 1 0 _aMalaysia's economic vision :
_bissues and challenges /
_cedited by Teh Hoe Yoke and Goh Kim Leng
260 _aPetaling Jaya :
_bPelanduk Publications,
_c1992
300 _a440p. :
_b;
_c22cm
504 _aIncludes bibliographical references
650 _aEconomic forecasting
_zMalaysia
_982
651 _aMalaysia
_xEconomic policy
_949
651 _aMalaysia
_xEconomic conditions
_963
700 0 _aTeh, Hoe Yoke
_93457
700 0 _aGoh, Kim Leng
_93458
710 2 _aPersatuan Ekonomi Malaysia
_93459
942 _2ddc
_cBOOK